000 00528nam a2200181Ia 4500
005 20250326141847.0
008 250326s9999 xx 000 0 und d
037 _aTextbook
040 _aFMSL
_beng
_cFMSL
041 _aeng
_2eng
084 _aL433pN83 M5;1
_qFMSL
100 _aWHO
_973500
245 0 _aSelf learning materials and modules for health workers
_cWHO
260 _aNew Delhi
_bNew Delhi, World Health Org.
_c1985
300 _a25p
942 _cTB
_hL433pN83 M5;1
999 _c1292326
_d1292326